00790nam a2200193 a 450000100100000000500170001000800410002704000250006808200180009310000340011124500500014526000340019530000290022965100410025865100540029991000370035395201890039099900170057900003470520200930073842.0111019s1973 pr b 000 0 spa d aDO-SdBNPbspacBNPHU a946.04bP438L1 aPérez, Josephd1931-96016010aL´espagne du xvi siécle /cJoseph Pérez. aParis :bArmand Colin,c1973. a256 p. :bmap. ;c17 cm. 4aEspañaxHistoriaySIGLO XVI960161 4aEspañaxPolítica Y GobiernoySIGLO XVI960162 aValidado. Control de calidad MFF 001050718MOaGRbGRcHDd2011-10-19iLF1l0o946.04 P438Lp34705-10r2020-06-25w2020-06-25y1zPerteneció a la biblioteca personal de Juan Isidro Jimenes- GrullónZNo se presta c34196d34196